[Event "British Chess Championships 2023: "]
[Site "The Venue, De Montfort University, 20 Western Boulevard, Leicester, LE2 7BU"]
[Date "2023.07.22"]
[Round "3"]
[Board "34"]
[White "Lightfoot, David"]
[Black "Mehrgan, Mehrsam"]
[Result "0-1"]
[WhiteElo "1523"]
[BlackElo "1118"]
[PlyCount "72"]
[EventDate "2023.07.21"]
[EventRounds "5"]
[EventCountry "ENG"]

1. c4 c6 2. d4 d5 3. Nf3 Bf5 4. Nc3 e6 5. Bf4 Bd6 6. Bxd6 Qxd6 7. c5 Qc7 8. e3 Ne7
9. Bd3 Bxd3 10. Qxd3 Nd7 11. O-O O-O 12. Rfe1 h5 13. Re2 Rfe8 14. Rae1 Nf8 15. e4
Nfg6 16. g3 Rad8 17. e5 Nf5 18. b4 b5 19. cxb6 axb6 20. a4 Ra8 21. b5 c5 22. Nxd5
exd5 23. Qxf5 Rxa4 24. e6 Rf8 25. Qxd5 fxe6 26. Rxe6 Qf7 27. dxc5 bxc5 28. b6 Ra3
29. Qc6 Rxf3 30. Rxg6 Rxf2 31. Qb5 Qxg6 32. b7 Qd6 33. Qc4+ R2f7 34. Qb5 Qc7 35.
Rb1 Rb8 36. Qe8+ Rxe8  0-1

[Event "British Chess Championships 2023: "]
[Site "The Venue, De Montfort University, 20 Western Boulevard, Leicester, LE2 7BU"]
[Date "2023.07.23"]
[Round "4"]
[Board "1"]
[White "Acibar, Arnold"]
[Black "Schmerwitz, Reinhard"]
[Result "1-0"]
[WhiteElo "1722"]
[BlackElo "1683"]
[PlyCount "45"]
[EventDate "2023.07.21"]
[EventRounds "5"]
[EventCountry "ENG"]

1. e4 c5 2. Nc3 e6 3. f4 d5 4. e5 Ne7 5. Bb5+ Nbc6 6. Nf3 a6 7. Bxc6+ Nxc6 8. O-O
Be7 9. d3 O-O 10. a3 b5 11. Qe1 Bb7 12. Qg3 f5 13. exf6 Bxf6 14. Qh3 Bc8 15. Ne2
e5 16. f5 Nd4 17. Nexd4 exd4 18. Qh5 Qe8 19. Qg4 Qd7 20. Nh4 Bxh4 21. Qxh4 Rxf5 22.
Rxf5 Qxf5 23. Qd8+  1-0

[Event "British Chess Championships 2023: "]
[Site "The Venue, De Montfort University, 20 Western Boulevard, Leicester, LE2 7BU"]
[Date "2023.07.23"]
[Round "4"]
[Board "2"]
[White "Railwani, Tavish"]
[Black "Veeturi, Yashvardhan"]
[Result "1/2-1/2"]
[WhiteElo "1636"]
[BlackElo "1628"]
[PlyCount "183"]
[EventDate "2023.07.21"]
[EventRounds "5"]
[EventCountry "ENG"]

1. e4 c6 2. d4 d5 3. exd5 cxd5 4. Bd3 Nc6 5. Nf3 Bg4 6. c3 Nf6 7. Bf4 e6 8. Nbd2
Bd6 9. Bxd6 Qxd6 10. O-O O-O 11. Qc2 Rfc8 12. a3 a6 13. Rac1 b5 14. Qb1 Rab8 15.
Ng5 g6 16. h3 Bf5 17. Bxf5 exf5 18. Ngf3 Ne4 19. Rfe1 a5 20. b4 a4 21. Qd3 Rb7 22.
Ne5 Nxe5 23. dxe5 Qxe5 24. Nf3 Qd6 25. Nd4 Rc4 26. Red1 Qb6 27. Rc2 Rbc7 28. Rdc1
Nxc3 29. Nxf5 Ne4 30. Ne3 Rxc2 31. Rxc2 Rxc2 32. Qxc2 Qd4 33. Qc8+ Kg7 34. Qg4 Qa1+
35. Kh2 Qe5+ 36. f4 Qe6 37. f5 Qe5+ 38. Kg1 Nf6 39. Qf3 Qa1+ 40. Kh2 d4 41. Nd5 d3
42. Nxf6 d2 43. Nh5+ gxh5 44. Qg3+ Kf6 45. Qd6+ Kxf5 46. Qxd2 Qxa3 47. Qd5+ Kg6 48.
Qd6+ Kg7 49. Qe5+ f6 50. Qe7+ Kg6 51. Qe8+ Kg5 52. Qg8+ Kf4 53. Qb8+ Ke4 54. Qb7+
Kd4 55. Qb6+ Kc4 56. Qc5+ Kb3 57. Qe3+ Ka2 58. Qd2+ Qb2 59. Qd5+ Ka3 60. Qf3+ Qb3
61. Qxf6 Kxb4 62. Qd6+ Kc3 63. Qe5+ Kc2 64. Qe2+ Kb1 65. Qe1+ Ka2 66. Qd2+ Qb2 67.
Qd5+ Ka3 68. Qd3+ Qb3 69. Qf1 b4 70. Qa1+ Qa2 71. Qc1+ Qb2 72. Qe3+ b3 73. Qc5+ Ka2
74. Qc4 a3 75. Qd5 Ka1 76. Qd1+ Qb1 77. Qd6 a2 78. Qa3 b2 79. Qc3 Qc1 80. Qd4 Qf1
81. Qe5 Qd1 82. Qf6 Kb1 83. Qf5+ Kc1 84. Qf4+ Qd2 85. Qc4+ Qc2 86. Qf1+ Kd2 87. Qf2+
Kc3 88. Qc5+ Kb3 89. Qb5+ Ka3 90. Qa5+ Qa4 91. Qc3+ Qb3 92. Qa5+  1/2-1/2

[Event "British Chess Championships 2023: "]
[Site "The Venue, De Montfort University, 20 Western Boulevard, Leicester, LE2 7BU"]
[Date "2023.07.23"]
[Round "4"]
[Board "4"]
[White "Dias, Ruwan"]
[Black "Agnihotri, Aaryan"]
[Result "1-0"]
[WhiteElo "1660"]
[BlackElo "1564"]
[PlyCount "53"]
[EventDate "2023.07.21"]
[EventRounds "5"]
[EventCountry "ENG"]

1. e4 c6 2. d4 d5 3. Nc3 e6 4. e5 c5 5. Nf3 Nc6 6. Bb5 a6 7. Bxc6+ bxc6 8. O-O h6
9. Ne2 Ne7 10. c3 Nf5 11. Ng3 Nxg3 12. fxg3 Be7 13. Be3 cxd4 14. cxd4 O-O 15. Rc1
Bd7 16. h4 Rb8 17. b3 Qa5 18. Rc2 Rbc8 19. Nh2 Kh8 20. Qh5 Be8 21. Rf6 Qe1+ 22. Nf1
Bxf6 23. exf6 Kh7 24. fxg7 Kxg7 25. Bxh6+ Kg8 26. Qg5+ Kh7 27. Qg7#  1-0

[Event "British Chess Championships 2023: "]
[Site "The Venue, De Montfort University, 20 Western Boulevard, Leicester, LE2 7BU"]
[Date "2023.07.23"]
[Round "4"]
[Board "5"]
[White "Belur, Ankita"]
[Black "Hayes, Solomon"]
[Result "0-1"]
[WhiteElo "1479"]
[BlackElo "1613"]
[PlyCount "140"]
[EventDate "2023.07.21"]
[EventRounds "5"]
[EventCountry "ENG"]

1. c4 c5 2. Nc3 Nc6 3. Nf3 g6 4. g3 Bg7 5. Bg2 e5 6. O-O Nge7 7. Rb1 O-O 8. b3 d6
9. Bb2 Rb8 10. d3 a6 11. Re1 b5 12. Nd2 b4 13. Nd5 Nxd5 14. Bxd5 Ne7 15. Bg2 Bb7
16. Nf3 Qc7 17. e3 d5 18. cxd5 Nxd5 19. e4 Ne7 20. Qc2 Qd6 21. Rbc1 Rbc8 22. Red1
Rfd8 23. h3 h6 24. Bf1 Kh7 25. Nd2 Qe6 26. Qc4 Qd7 27. Qxf7 Rf8 28. Qc4 Nc6 29. Qxc5
Nd4 30. Qxb4 Rxc1 31. Rxc1 Qf7 32. Bxd4 exd4 33. Bg2 Qxf2+ 34. Kh2 Qxg3+ 35. Kh1
Rf2 36. Rg1 Be5 37. Qxb7+ Bc7 38. e5 Qxe5 39. Nf3 Rxf3 40. Qxc7+ Qxc7 41. Bxf3 Qc8
42. Kh2 Qc2+ 43. Rg2 Qxd3 44. Be2 Qe3 45. Bxa6 d3 46. Rg3 Qf2+ 47. Rg2 Qf4+ 48. Rg3
d2 49. Be2 Qf2+ 50. Rg2 Qxe2 51. Rxe2 d1=Q 52. Rg2 h5 53. Rg3 Kh6 54. a4 Qc2+ 55.
Kh1 Qd1+ 56. Kh2 h4 57. Rg4 g5 58. a5 Qxb3 59. Kg2 Qa2+ 60. Kf3 Qxa5 61. Re4 Qf5+
62. Ke3 Qxh3+ 63. Kd4 Qg3 64. Re3 Qxe3+ 65. Kxe3 h3 66. Kf3 g4+ 67. Kg3 Kg5 68. Kh2
Kf4 69. Kh1 Kg3 70. Kg1 h2+  0-1

[Event "British Chess Championships 2023: "]
[Site "The Venue, De Montfort University, 20 Western Boulevard, Leicester, LE2 7BU"]
[Date "2023.07.23"]
[Round "4"]
[Board "6"]
[White "Gunn, Michael J"]
[Black "Gunarathne, Senith"]
[Result "1/2-1/2"]
[WhiteElo "1606"]
[BlackElo "1739"]
[PlyCount "120"]
[EventDate "2023.07.21"]
[EventRounds "5"]
[EventCountry "ENG"]

1. e4 c5 2. c3 d6 3. d4 cxd4 4. cxd4 Nf6 5. Nc3 Nc6 6. Nf3 Bg4 7. Be2 e6 8. O-O Be7
9. h3 Bh5 10. d5 exd5 11. exd5 Bxf3 12. Bxf3 Ne5 13. Qa4+ Qd7 14. Qxd7+ Nfxd7 15.
Be2 O-O 16. Bf4 Bf6 17. Ne4 Rfd8 18. Nxf6+ Nxf6 19. Bg5 Ned7 20. Rac1 h6 21. Bf4
Nb6 22. Bf3 Nfxd5 23. Bxd5 Nxd5 24. Bg3 Nb6 25. Rc7 d5 26. Rxb7 Rd7 27. Rxd7 Nxd7
28. Rd1 Nb6 29. Bc7 Kf8 30. Bxb6 axb6 31. Rxd5 Rxa2 32. Rd2 Ke7 33. Kf1 Ra7 34. Ke2
Ke6 35. Ke3 Ra5 36. f4 Rd5 37. Rc2 Rc5 38. Rd2 b5 39. b4 Rc4 40. Rd4 Rc3+ 41. Rd3
Rc2 42. g4 Rb2 43. h4 Rxb4 44. Rd8 Rb3+ 45. Ke4 Rh3 46. h5 f6 47. f5+ Ke7 48. Rb8
Rb3 49. Rb7+ Kf8 50. Rb8+ Kf7 51. Rb7+ Kg8 52. Rb8+ Kh7 53. Kf4 b4 54. Ke4 Rb1 55.
Kf3 Rb2 56. Kg3 b3 57. Kf3 Rh2 58. Kg3 Rb2 59. Kh3 Rb1 60. Kg2 g5  1/2-1/2

[Event "British Chess Championships 2023: "]
[Site "The Venue, De Montfort University, 20 Western Boulevard, Leicester, LE2 7BU"]
[Date "2023.07.23"]
[Round "4"]
[Board "7"]
[White "Howorth, Jack"]
[Black "Ball, Charlie J"]
[Result "1-0"]
[WhiteElo "1660"]
[BlackElo "1578"]
[PlyCount "49"]
[EventDate "2023.07.21"]
[EventRounds "5"]
[EventCountry "ENG"]

1. e4 c5 2. c3 Nc6 3. d4 cxd4 4. cxd4 g6 5. d5 Nb4 6. Nc3 Bg7 7. Nf3 Qc7 8. Bd2 d6
9. Qa4+ Bd7 10. Qxb4 Nf6 11. Bb5 O-O 12. O-O Qb6 13. Be3 Qc7 14. Bd4 Rfc8 15. Bxd7
Qxd7 16. e5 a5 17. Qb5 Qxb5 18. Nxb5 Nxd5 19. exd6 Bxd4 20. Nfxd4 exd6 21. Nxd6 Rd8
22. N4b5 b6 23. Rac1 Kf8 24. Rfd1 Nf4 25. Rc7  1-0

[Event "British Chess Championships 2023: "]
[Site "The Venue, De Montfort University, 20 Western Boulevard, Leicester, LE2 7BU"]
[Date "2023.07.23"]
[Round "4"]
[Board "8"]
[White "Allen, Michael Ei"]
[Black "Vaddhireddy, Sai"]
[Result "0-1"]
[WhiteElo "1605"]
[BlackElo "1657"]
[PlyCount "98"]
[EventDate "2023.07.21"]
[EventRounds "5"]
[EventCountry "ENG"]

1. f4 d5 2. Nf3 Nf6 3. e3 Bf5 4. b3 e6 5. Bb2 Bd6 6. c4 c6 7. cxd5 exd5 8. Be2 O-O
9. O-O Nbd7 10. Nh4 Be4 11. d3 Qb6 12. dxe4 Qxe3+ 13. Kh1 Nxe4 14. Qd4 Qxd4 15. Bxd4
c5 16. Bb2 d4 17. Bf3 Rae8 18. g3 Ndf6 19. Nf5 Bc7 20. Na3 Nd2 21. Rf2 Nxf3 22. Rxf3
Re2 23. Nxd4 cxd4 24. Bxd4 Rd8 25. Re3 Rd2 26. Nb5 Bb6 27. Bxb6 axb6 28. Rae1 Rxa2
29. Nd6 h5 30. Nc4 b5 31. Ne5 Rdd2 32. Nf3 Rf2 33. Rd1 Ng4 34. Re8+ Kh7 35. h3 Rxf3
36. hxg4 hxg4 37. Re7 Rxg3 38. Rxf7 Rxb3 39. Rxb7 g3 40. Rbd7 Rf2 41. R7d3 g2+ 42.
Kh2 Rxd3 43. Rxd3 Rxf4 44. Kxg2 Rf7 45. Rb3 Rb7 46. Kg3 b4 47. Kf4 Kg6 48. Kg4 Kf6
49. Rf3+ Ke5  0-1

[Event "British Chess Championships 2023: "]
[Site "The Venue, De Montfort University, 20 Western Boulevard, Leicester, LE2 7BU"]
[Date "2023.07.23"]
[Round "4"]
[Board "9"]
[White "Hughes, Sam"]
[Black "Kent, Rowan"]
[Result "1/2-1/2"]
[WhiteElo "1601"]
[BlackElo "1650"]
[PlyCount "49"]
[EventDate "2023.07.21"]
[EventRounds "5"]
[EventCountry "ENG"]

1. d4 Nf6 2. Nf3 d6 3. Bf4 Nbd7 4. e3 h6 5. Bd3 Nh5 6. Bg3 Nxg3 7. hxg3 e5 8. c3
c6 9. Nbd2 Qc7 10. g4 d5 11. Nxe5 Nxe5 12. dxe5 Qxe5 13. Nf3 Qc7 14. g5 g6 15. gxh6
Rxh6 16. Rxh6 Bxh6 17. Qc2 Qd6 18. O-O-O Bd7 19. Rh1 Bg7 20. Rh7 Qf6 21. Nd4 O-O-O
22. Nb3 Rh8 23. Rxh8+ Bxh8 24. Nc5 Qe7 25. Nxd7  1/2-1/2

[Event "British Chess Championships 2023: "]
[Site "The Venue, De Montfort University, 20 Western Boulevard, Leicester, LE2 7BU"]
[Date "2023.07.23"]
[Round "4"]
[Board "10"]
[White "Pride, Stephen C"]
[Black "Welson, Aaron"]
[Result "0-1"]
[WhiteElo "1584"]
[BlackElo "1636"]
[PlyCount "56"]
[EventDate "2023.07.21"]
[EventRounds "5"]
[EventCountry "ENG"]

1. d4 Nf6 2. Bf4 c5 3. c3 Qb6 4. Qc2 d5 5. dxc5 Qxc5 6. Nd2 Nc6 7. e3 e5 8. Bg3 h5
9. h3 h4 10. Bh2 g6 11. Nb3 Qb6 12. g4 hxg3 13. Bxg3 Ne4 14. Qe2 Nxg3 15. fxg3 Bh6
16. Kf2 f5 17. Bg2 Be6 18. Rd1 O-O-O 19. Rd3 f4 20. c4 e4 21. Bxe4 dxe4 22. Rxd8+
Rxd8 23. gxf4 Bxf4 24. c5 Qc7 25. exf4 Qxf4+ 26. Ke1 Qg3+ 27. Qf2 Rd1+ 28. Ke2 Bc4+
 0-1

[Event "British Chess Championships 2023: "]
[Site "The Venue, De Montfort University, 20 Western Boulevard, Leicester, LE2 7BU"]
[Date "2023.07.23"]
[Round "4"]
[Board "11"]
[White "Watkinson, Phil K"]
[Black "White, Nicholas E"]
[Result "1-0"]
[WhiteElo "1633"]
[BlackElo "1511"]
[PlyCount "35"]
[EventDate "2023.07.21"]
[EventRounds "5"]
[EventCountry "ENG"]

1. d4 c6 2. c4 d5 3. Nf3 Nf6 4. Nc3 Bf5 5. cxd5 cxd5 6. Qb3 b6 7. e4 dxe4 8. Ne5
Be6 9. Bb5+ Nbd7 10. d5 Bf5 11. O-O e6 12. Bg5 exd5 13. Nxd5 Be6 14. Bxd7+ Bxd7 15.
Nxf6+ Ke7 16. Qxf7+ Kd6 17. Rfd1+ Kc7 18. Rxd7+  1-0

[Event "British Chess Championships 2023: "]
[Site "The Venue, De Montfort University, 20 Western Boulevard, Leicester, LE2 7BU"]
[Date "2023.07.23"]
[Round "4"]
[Board "13"]
[White "Blackburn, Sandra G"]
[Black "Gupta, Leonardo"]
[Result "0-1"]
[WhiteElo "1621"]
[BlackElo "1474"]
[PlyCount "119"]
[EventDate "2023.07.21"]
[EventRounds "5"]
[EventCountry "ENG"]

1. d4 Nf6 2. Nf3 e6 3. Bg5 h6 4. Bf4 c5 5. e3 Nc6 6. c3 Qb6 7. Qc2 d5 8. Nbd2 cxd4
9. exd4 Be7 10. Bd3 O-O 11. O-O Bd7 12. Rfe1 Rac8 13. Qb3 Na5 14. Qxb6 axb6 15. Ne5
Be8 16. Rac1 b5 17. a3 Nc4 18. Ndxc4 bxc4 19. Bf1 Nd7 20. Nxd7 Bxd7 21. h3 Rc6 22.
g4 Rfc8 23. Bg2 Bf8 24. Rc2 Rb6 25. Rce2 Rb3 26. h4 Rc6 27. g5 hxg5 28. hxg5 Rcb6
29. Bc1 g6 30. f4 Bg7 31. Bf3 Bxd4+ 32. Kg2 Bg7 33. Rf2 d4 34. Bd1 R3b5 35. Ba4 Bc6+
36. Kg3 Rd5 37. Bxc6 Rxc6 38. cxd4 Rxd4 39. Rc2 b5 40. Re3 Rcd6 41. Kf3 Rd3 42. Rxd3
Rxd3+ 43. Ke2 Rh3 44. Kd1 Rh1+ 45. Kd2 Bd4 46. Ke2 Rh2+ 47. Kd1 Rxc2 48. Kxc2 Kf8
49. Bd2 Ke7 50. Bb4+ Kd7 51. b3 cxb3+ 52. Kxb3 Be3 53. Bc3 Bxf4 54. Bf6 Bd6 55. a4
bxa4+ 56. Kxa4 Be7 57. Bxe7 Kxe7 58. Kb4 e5 59. Kc3 Ke6 60. Kd3  0-1

[Event "British Chess Championships 2023: "]
[Site "The Venue, De Montfort University, 20 Western Boulevard, Leicester, LE2 7BU"]
[Date "2023.07.23"]
[Round "4"]
[Board "14"]
[White "Collins, Nigel"]
[Black "Steel, Martin J"]
[Result "1/2-1/2"]
[WhiteElo "1496"]
[BlackElo "1610"]
[PlyCount "55"]
[EventDate "2023.07.21"]
[EventRounds "5"]
[EventCountry "ENG"]

1. c4 f5 2. Nc3 Nf6 3. g3 d6 4. d4 e6 5. Bg2 Nbd7 6. e4 Be7 7. Nge2 O-O 8. O-O fxe4
9. Nxe4 Nxe4 10. Bxe4 Nf6 11. Bg2 Qe8 12. Nf4 e5 13. dxe5 dxe5 14. Nd5 Bd8 15. Bg5
c6 16. Bxf6 gxf6 17. Ne3 Bb6 18. Qd3 Be6 19. Nf5 Qd7 20. Qxd7 Bxd7 21. Be4 Bxf5 22.
Bxf5 Rfd8 23. Rad1 Rd4 24. Rxd4 Bxd4 25. b3 Rd8 26. Bg4 Bb6 27. Rd1 Rxd1+ 28. Bxd1
 1/2-1/2

[Event "British Chess Championships 2023: "]
[Site "The Venue, De Montfort University, 20 Western Boulevard, Leicester, LE2 7BU"]
[Date "2023.07.23"]
[Round "4"]
[Board "15"]
[White "London, Nick J"]
[Black "Agnihotri, Akaash"]
[Result "0-1"]
[WhiteElo "1722"]
[BlackElo "1493"]
[PlyCount "118"]
[EventDate "2023.07.21"]
[EventRounds "5"]
[EventCountry "ENG"]

1. d4 d5 2. Nf3 Nf6 3. c4 e6 4. g3 c5 5. cxd5 Nxd5 6. Bg2 cxd4 7. O-O Bc5 8. Nxd4
Qb6 9. Nb3 Be7 10. e4 Nf6 11. Be3 Qc7 12. Nc3 a6 13. Rc1 Nc6 14. Qe2 O-O 15. f4 e5
16. Nd5 Qd8 17. Bb6 Qd7 18. Nxe7+ Nxe7 19. Rfd1 Qe6 20. Bc5 exf4 21. gxf4 Re8 22.
f5 Nxf5 23. Qe1 Nh6 24. Rd6 Qe5 25. Rcd1 Be6 26. Qc3 Qxc3 27. bxc3 Bxb3 28. axb3
Nxe4 29. Bxe4 Rxe4 30. Rd8+ Re8 31. R8d7 Rac8 32. Bb4 b5 33. R7d6 Ra8 34. R1d3 a5
35. Bc5 a4 36. bxa4 bxa4 37. Rxh6 a3 38. Bxa3 gxh6 39. Rg3+ Kh8 40. Bc5 f6 41. Bd4
Re6 42. Kf2 Ra2+ 43. Kf3 Rxh2 44. Kg4 Kg7 45. Kf5+ Kf7 46. Rg4 Rh5+ 47. Kf4 Re4+
48. Kxe4 f5+ 49. Kf4 fxg4 50. Kxg4 Rd5 51. Kh4 Kg6 52. Kg4 Rf5 53. Be3 h5+ 54. Kh4
Rf3 55. Bd4 Kf5 56. Bg7 Rf4+ 57. Kxh5 Rf1 58. Kh4 Rh1+ 59. Kg3 Rg1+  0-1

[Event "British Chess Championships 2023: "]
[Site "The Venue, De Montfort University, 20 Western Boulevard, Leicester, LE2 7BU"]
[Date "2023.07.23"]
[Round "4"]
[Board "16"]
[White "Lambert, Martin"]
[Black "Szwajkun, Richard"]
[Result "1/2-1/2"]
[WhiteElo "1694"]
[BlackElo "1644"]
[PlyCount "44"]
[EventDate "2023.07.21"]
[EventRounds "5"]
[EventCountry "ENG"]

1. e4 d5 2. exd5 Qxd5 3. Nc3 Qa5 4. d4 Nf6 5. Nf3 Bg4 6. h3 Bxf3 7. Qxf3 c6 8. Bd3
e6 9. O-O Be7 10. Bd2 Qc7 11. Rfe1 Nbd7 12. a3 O-O 13. Ne2 Rfe8 14. Ng3 c5 15. c3
c4 16. Bc2 g6 17. h4 h5 18. Bg5 Ng4 19. Bxe7 Rxe7 20. Be4 Rb8 21. Qe2 Ndf6 22. Bf3
b5  1/2-1/2

[Event "British Chess Championships 2023: "]
[Site "The Venue, De Montfort University, 20 Western Boulevard, Leicester, LE2 7BU"]
[Date "2023.07.23"]
[Round "4"]
[Board "17"]
[White "Rao, Shree"]
[Black "Dairi, Ramsey"]
[Result "1/2-1/2"]
[WhiteElo "1599"]
[BlackElo "1693"]
[PlyCount "113"]
[EventDate "2023.07.21"]
[EventRounds "5"]
[EventCountry "ENG"]

1. e4 c5 2. Nf3 g6 3. d4 cxd4 4. Nxd4 Nc6 5. c4 Nf6 6. Nc3 d6 7. Be2 Nxd4 8. Qxd4
Bg7 9. Qd3 O-O 10. f3 Be6 11. Be3 Rc8 12. b3 Nd7 13. O-O a6 14. Rac1 Ne5 15. Qd2
Qd7 16. Rfd1 Rc6 17. Nd5 f5 18. Bg5 Bxd5 19. exd5 Rcc8 20. Be3 Qd8 21. f4 Nd7 22.
b4 b6 23. Bd4 Nf6 24. Qe3 Ng4 25. Qe6+ Kh8 26. Bxg7+ Kxg7 27. Bxg4 fxg4 28. Qxg4
b5 29. c5 Qc7 30. g3 Qa7 31. Kh1 dxc5 32. Qe6 c4 33. Re1 Rc7 34. Qe5+ Rf6 35. Rc3
Rd7 36. Rce3 Qb7 37. Qxe7+ Rxe7 38. Rxe7+ Qxe7 39. Rxe7+ Kf8 40. Rxh7 Rd6 41. Kg2
Rxd5 42. Kf3 Rd2 43. h4 Rxa2 44. g4 Kg8 45. Rc7 Rh2 46. Rc6 Rxh4 47. Rxg6+ Kf7 48.
Rxa6 Rh3+ 49. Ke4 Rb3 50. g5 Rxb4 51. f5 c3+ 52. Kd3 Rc4 53. Ra7+ Kf8 54. f6 c2 55.
g6 Rc8 56. Rf7+ Ke8 57. Re7+  1/2-1/2

[Event "British Chess Championships 2023: "]
[Site "The Venue, De Montfort University, 20 Western Boulevard, Leicester, LE2 7BU"]
[Date "2023.07.23"]
[Round "4"]
[Board "18"]
[White "Clare, Steve"]
[Black "Woodhouse, Byron"]
[Result "1-0"]
[WhiteElo "1684"]
[BlackElo "1637"]
[PlyCount "105"]
[EventDate "2023.07.21"]
[EventRounds "5"]
[EventCountry "ENG"]

1. e4 e5 2. f4 exf4 3. Nf3 d6 4. d4 Nf6 5. Nc3 Be7 6. Bxf4 O-O 7. Bc4 h6 8. Qd2 Kh7
9. Bd3 Ng8 10. Nd5 Nc6 11. h4 Bg4 12. Nxe7 Qxe7 13. c3 h5 14. O-O-O a6 15. e5+ Kh8
16. exd6 cxd6 17. Rde1 Qd7 18. Bc2 Rac8 19. Qd3 g6 20. d5 Bxf3 21. dxc6 Bxc6 22.
Qd4+ Kh7 23. Reg1 Rfe8 24. Qd1 Be4 25. Qxd6 Qxd6 26. Bxd6 Rcd8 27. Bxe4 Rxe4 28.
Rd1 Re2 29. g3 Nf6 30. Bf4 Rxd1+ 31. Rxd1 Kg7 32. Rd2 Re1+ 33. Kc2 Rg1 34. Be5 Re1
35. Rd5 Re3 36. Kb3 Rxg3 37. Rd6 Rf3 38. a4 Rf5 39. Bd4 Rf4 40. c4 Rxd4 41. Rxd4
Kf8 42. a5 Ke7 43. Kb4 Nd7 44. b3 Ne5 45. Ka4 f5 46. c5 f4 47. Rxf4 Nd3 48. Re4+
Kf6 49. b4 Kf5 50. Re7 Ne5 51. b5 axb5+ 52. Kxb5 Kf6 53. Rxb7  1-0

[Event "British Chess Championships 2023: "]
[Site "The Venue, De Montfort University, 20 Western Boulevard, Leicester, LE2 7BU"]
[Date "2023.07.23"]
[Round "4"]
[Board "19"]
[White "Meredith, Daniel"]
[Black "Gilbert, David J"]
[Result "0-1"]
[WhiteElo "1681"]
[BlackElo "1603"]
[PlyCount "100"]
[EventDate "2023.07.21"]
[EventRounds "5"]
[EventCountry "ENG"]

1. e4 d5 2. exd5 Qxd5 3. Nc3 Qd6 4. d4 Nf6 5. Nf3 c6 6. Bc4 Bg4 7. h3 Bh5 8. O-O
e6 9. Re1 Be7 10. Ne4 Nxe4 11. Rxe4 Nd7 12. a3 Nf6 13. Bf4 Qd7 14. Re1 O-O 15. Qd3
Bxf3 16. gxf3 Rfd8 17. Rad1 Rac8 18. Qb3 Nd5 19. Bg3 b5 20. Bd3 a5 21. c4 a4 22.
Qc2 Nf6 23. Qe2 bxc4 24. Bxc4 Nd5 25. Qc2 Qa7 26. Bd3 h6 27. Kh1 c5 28. dxc5 Bxc5
29. Qe2 Bd6 30. Bh4 Nf4 31. Qe4 Nxd3 32. Rxd3 Be7 33. Bxe7 Qxe7 34. Rxd8+ Qxd8 35.
Qxa4 Qd2 36. Rg1 Qxf2 37. Qg4 Qxb2 38. Rg2 Rc1+ 39. Kh2 Rc2 40. a4 Rxg2+ 41. Qxg2
Qe5+ 42. Qg3 Qe2+ 43. Qg2 Qd1 44. Qg4 Qc2+ 45. Kh1 f5 46. Qg6 Qd1+ 47. Kg2 Qe2+ 48.
Kg3 Qe1+ 49. Kf4 e5+ 50. Kxf5 Qb1+  0-1

[Event "British Chess Championships 2023: "]
[Site "The Venue, De Montfort University, 20 Western Boulevard, Leicester, LE2 7BU"]
[Date "2023.07.23"]
[Round "4"]
[Board "20"]
[White "Lawrence, Simon"]
[Black "Gorskovs, Andrejs"]
[Result "1-0"]
[WhiteElo "1678"]
[BlackElo "1599"]
[PlyCount "61"]
[EventDate "2023.07.21"]
[EventRounds "5"]
[EventCountry "ENG"]

1. e4 e5 2. d4 exd4 3. Qxd4 Nc6 4. Qe3 g6 5. Bc4 Bg7 6. Nf3 Bh6 7. Qc3 f6 8. Bxh6
Nxh6 9. Qd2 Nf7 10. Nc3 d6 11. O-O-O Nfe5 12. Nxe5 Nxe5 13. Bb3 Qe7 14. f4 Nc6 15.
Nd5 Qg7 16. Qc3 Rf8 17. Ba4 Kd8 18. Rhe1 Nb8 19. e5 fxe5 20. fxe5 c6 21. Qa5+ b6
22. Nxb6 Qc7 23. Rxd6+ Ke8 24. Nc4 Qe7 25. Red1 Bb7 26. Qd8+ Kf7 27. Qxe7+ Kxe7 28.
Bb3 c5 29. Ne3 a5 30. Re6+ Kf7 31. Rb6+  1-0

[Event "British Chess Championships 2023: "]
[Site "The Venue, De Montfort University, 20 Western Boulevard, Leicester, LE2 7BU"]
[Date "2023.07.23"]
[Round "4"]
[Board "21"]
[White "Ananyev, Yaroslav"]
[Black "Homer, Neil S"]
[Result "1/2-1/2"]
[WhiteElo "1564"]
[BlackElo "1648"]
[PlyCount "109"]
[EventDate "2023.07.21"]
[EventRounds "5"]
[EventCountry "ENG"]

1. d4 d5 2. Nf3 c5 3. c4 e6 4. cxd5 exd5 5. Bg5 Be7 6. Bxe7 Qxe7 7. Nc3 Nf6 8. Qb3
c4 9. Qb5+ Qd7 10. Ne5 Qxb5 11. Nxb5 Na6 12. g3 O-O 13. Bg2 Be6 14. O-O Rfd8 15.
Rad1 Nb4 16. a3 Nc6 17. Nc7 Rac8 18. Nxe6 fxe6 19. f4 Na5 20. Bh3 Rd6 21. f5 exf5
22. Rxf5 Rf8 23. Rdf1 Nc6 24. e3 Ne7 25. R5f3 Ng6 26. Nxg6 hxg6 27. g4 Nh7 28. Rxf8+
Nxf8 29. Bg2 Ne6 30. Rf2 Nc7 31. Kf1 Rf6 32. Rxf6 gxf6 33. e4 Nb5 34. exd5 Nxd4 35.
d6 Kf8 36. Bxb7 Nb5 37. d7 Ke7 38. Bc6 Nd4 39. Ba4 Nf3 40. h3 Ne5 41. Bb5 Nd3 42.
Bxc4 Nxb2 43. Bb5 Nd1 44. a4 Nc3 45. Kf2 Nxb5 46. axb5 g5 47. d8=Q+ Kxd8 48. Ke3
Kd7 49. Ke4 Kc7 50. Kd5 Kd7 51. Kc5 Kc7 52. Kb4 Kb6 53. Ka4 Kc5 54. Ka5 Kc4 55. Ka6
 1/2-1/2

[Event "British Chess Championships 2023: "]
[Site "The Venue, De Montfort University, 20 Western Boulevard, Leicester, LE2 7BU"]
[Date "2023.07.23"]
[Round "4"]
[Board "22"]
[White "Blackburn, Jon Ew"]
[Black "Osborne, Paul J"]
[Result "1-0"]
[WhiteElo "1717"]
[BlackElo "1544"]
[PlyCount "141"]
[EventDate "2023.07.21"]
[EventRounds "5"]
[EventCountry "ENG"]

1. d4 e6 2. Bf4 Bd6 3. Bg3 Bxg3 4. hxg3 Nc6 5. Nf3 Nge7 6. e4 d5 7. e5 Nf5 8. c3
a6 9. Bd3 Nh6 10. Qc2 f5 11. exf6 Qxf6 12. Bxh7 Ne7 13. Bd3 Bd7 14. Nbd2 Rf8 15.
O-O-O Bb5 16. Rde1 Bxd3 17. Qxd3 Ng4 18. Qe2 O-O-O 19. Nf1 Rd6 20. Ne3 Nh6 21. Ref1
Ng6 22. Nh4 Ne7 23. f4 Rc6 24. Kb1 Nef5 25. Nexf5 exf5 26. Re1 Qf7 27. Qe7 Qg8 28.
Re2 Rd6 29. Rhe1 Rd7 30. Qe3 Ng4 31. Qd2 Nf6 32. Qe3 Ne4 33. Ng6 Re8 34. Rh1 Qe6
35. Ne5 Rdd8 36. Rh3 Nf6 37. Rh4 Ne4 38. Re1 Qb6 39. Reh1 Nd6 40. Qd3 Ne4 41. R1h2
Rf8 42. Rh7 Qf6 43. Kc2 Nf2 44. Qf3 Ne4 45. R2h3 g5 46. R3h6 g4 47. Qe3 Qxh6 48.
Rxh6 Rde8 49. Qd3 Nf2 50. Qe2 Ne4 51. Rh5 Nd6 52. Qd3 Ne4 53. c4 dxc4 54. Nxc4 Nf2
55. Qd2 Ne4 56. Qa5 Re7 57. Rxf5 Rd8 58. Rd5 Nd6 59. Ne5 c6 60. Rc5 Nb5 61. d5 Nd4+
62. Kc3 Nb5+ 63. Kc4 Nd6+ 64. Kb3 Nb5 65. dxc6 Nd4+ 66. Kc3 Nb5+ 67. Kc2 Nd4+ 68.
Kb1 Nxc6 69. Rxc6+ bxc6 70. Qxa6+ Rb7 71. Qxc6+  1-0